000 00257nam a2200121Ia 4500
999 _c5872
_d5872
020 _a978-93-392-0404-4
100 _aP K NAG
245 0 _aPower Plant Engineering
250 _a4th
260 _aIndia
_bMc Graw Hill
_c2018
300 _a955
942 _cBK